| 000 | 00622nam a22002057a 4500 | ||
|---|---|---|---|
| 999 |
_c6667 _d6667 |
||
| 003 | AR-CdUCM | ||
| 008 | 190319b ||||| |||| 00| 0 spa d | ||
| 040 |
_aMUNICIPALIDAD PROVINCIAL DEL CUSCO _cBIBLIOTECA MUNICIPAL DEL CUSCO |
||
| 041 | _hrus | ||
| 082 |
_a629.143 / _bP48 |
||
| 245 |
_aCosmonáutica : _benciclopedia soviética / |
||
| 260 |
_aMoscú : _bMir, _c1969. |
||
| 300 |
_a655 páginas ; _bilstraciones ; _c22 cm. |
||
| 650 |
_aU.R.S.S. _91175 |
||
| 650 |
_aCosmonáutica _918758 |
||
| 650 |
_aEnciclopedia _918075 |
||
| 700 |
_aPetrovich, G (redactor principal) _918759 |
||
| 942 |
_2ddc _cLIBROS |
||
| 945 | _azta | ||